00631nam a2200205Ia 4500008004100000020001500041082000800056100002200064245001500086250000800101260002900109300001400138500002400152650001200176700001700188942000700205952009900212952009900311999001500410230524s9999 xx 000 0 und d a8178080486 bLIP aB.Lippman Stanley 0aC++ Primer a3RD aNEW DELHIbPearsonc2004 aXXII;1237 aQuantity Number: 2 aComp-Sc a Jose Lajoie cBK 00104070aTATCLbTATCLcGENd2023-05-24l0o LIPp1751r2023-05-24w2023-05-24yBKzBECS2207 00104070aTATCLbTATCLcGENd2023-05-24l0o LIPp1752r2023-05-24w2023-05-24yBKzBECS2207 c4839d4839